000 00547nam a22001937a 4500
003 IT-MiCISF
005 20201223145509.0
008 201223b ||||| |||| 00| 0 eng d
040 _cIT-MiCISF
041 _ait
100 _aTelefono Azzurro
_958684
245 _aLa dignità dei bambini e degli adolescenti nel mondo digitale
260 _aBologna
_bTelefono Azzurro
_c2019
300 _app. 19
500 _adiritti-bambino, nuovi-media, chiesa, società
650 _anuovi-media
_958685
654 _adivulgazione
942 _2ddc
_cDD
999 _c359084
_d359084